The evolution of the pacific ocean margins

Guardat en:
Dades bibliogràfiques
Autor principal: Ben Avraham, Zvi (Autor)
Format: Llibre
Idioma:anglès
Publicat: Oxford Oxford University Press 1989
Col·lecció:Oxford Monographs on Geology and Geophysics, 8
Matèries:
Etiquetes: Afegir etiqueta
Sense etiquetes, Sigues el primer a etiquetar aquest registre!

MARC

LEADER 00000nam a2200000 a 4500
001 UCP2055
003 CL-VaPUC
008 990507e19890000UK |||||||||||||||||eng|d
082 0 4 |a 551.46  |b BEN  |2 21 
100 0 |a Ben Avraham, Zvi  |e author  |9 428487 
245 1 4 |a The evolution of the pacific ocean margins 
300 |a 234 p 
942 |c BK 
945 |d 19990507 00:00:00  |a rbrito 
260 |a Oxford  |b Oxford University Press  |c 1989 
650 0 |a Geología   |9 260984 
650 7 |a PLACAS OCEANICAS  |2 CL-VaPUC  |9 428488 
650 0 |a Geología marina   |9 350527 
650 0 |a Costas  |9 261336 
650 7 |a FONDO OCEANICO  |2 CL-VaPUC  |9 314212 
650 0 |a Oceanografía  |9 260014 
583 |a last modification  |c 19990507 00:00:00  |k Rodrigo Vera 
490 0 |a Oxford Monographs on Geology and Geophysics, 8 
999 |c 280660  |d 280658 
952 |0 0  |1 0  |2 ddc  |4 0  |6 551_460000000000000_BEN_1989  |7 0  |8 A  |9 321109  |a BIBCUR  |b BIBCUR  |d 2019-11-20  |i 3513599  |o 551.46 BEN 1989  |p 3513599  |r 2025-04-22  |w 2019-11-20  |y BK  |k CIM